书目信息 |
| 题名: |
淘宝天猫视频制作实战宝典
|
|
| 作者: | 方国平 编著 | |
| 分册: | ||
| 出版信息: | 北京 电子工业出版社 2018.03 |
|
| 页数: | 199页 | |
| 开本: | 24cm | |
| 丛书名: | ||
| 单 册: | ||
| 中图分类: | TP317.53 , TN94 | |
| 科图分类: | ||
| 主题词: | 视频编辑软件 , 图象处理软件 , 电视 | |
| 电子资源: | ||
| ISBN: | 978-7-121-33580-8 | |
| 000 | 01287nam0 2200253 450 | |
| 001 | 294 | |
| 005 | 20180921163446.28 | |
| 010 | @a978-7-121-33580-8@dCNY69.00 | |
| 100 | @a20180714d2018 em y0chiy50 ea | |
| 101 | 0 | @achi |
| 102 | @aCN@b110000 | |
| 105 | @aa z 000yy | |
| 200 | 1 | @a淘宝天猫视频制作实战宝典@9tao bao tian mao shi pin zhi zuo shi zhan bao dian@ePremiere After Effects@f方国平编著 |
| 210 | @a北京@c电子工业出版社@d2018.03 | |
| 215 | @a199页@c彩图@d24cm | |
| 330 | @a本书介绍了淘宝、天猫视频制作的实战方法和技巧。全书共7章,第1章讲解了认识短视频,淘宝、天猫短视频的用途;第2章讲解了拍摄短视频前的准备工作,如器材的选择、视频的构图和拍摄的流程;第3章讲解了剪辑软件Premiere的使用方法及技巧,以及电水壶短视频的制作;第4章讲解了合成软件After Effects的使用方法,并讲解了钱包短视频的制作流程和LOGO片头的制作方法;第5章讲解了手表短视频的制作,抠像技巧,人像磨皮技巧和钱包短视频的制作;第6章讲解了Premiere和After Effects软件结合的使用方法,以及凉拖鞋短视频的制作;第7章讲解了视频的上传方法,如何发布视频到店铺首页、淘宝主图视频、详情页和微淘。 | |
| 606 | 0 | @a视频编辑软件 |
| 606 | 0 | @a图象处理软件 |
| 606 | 0 | @a电视 |
| 690 | @aTP317.53@v5 | |
| 690 | @aTN94@v4 | |
| 701 | 0 | @a方国平@9fang guo ping@4编著 |
| 801 | 0 | @aCN@b91MARC@c20180714 |
| 905 | @aMuseLib@dTN94@e268 | |
| 淘宝天猫视频制作实战宝典:Premiere After Effects/方国平编著.-北京:电子工业出版社,2018.03 |
| 199页:彩图;24cm |
| ISBN 978-7-121-33580-8:CNY69.00 |
| 本书介绍了淘宝、天猫视频制作的实战方法和技巧。全书共7章,第1章讲解了认识短视频,淘宝、天猫短视频的用途;第2章讲解了拍摄短视频前的准备工作,如器材的选择、视频的构图和拍摄的流程;第3章讲解了剪辑软件Premiere的使用方法及技巧,以及电水壶短视频的制作;第4章讲解了合成软件After Effects的使用方法,并讲解了钱包短视频的制作流程和LOGO片头的制作方法;第5章讲解了手表短视频的制作,抠像技巧,人像磨皮技巧和钱包短视频的制作;第6章讲解了Premiere和After Effects软件结合的使用方法,以及凉拖鞋短视频的制作;第7章讲解了视频的上传方法,如何发布视频到店铺首页、淘宝主图视频、详情页和微淘。 |
| ● |
| 相关链接 |
|
|
|
|
正题名:淘宝天猫视频制作实战宝典
索取号:TN94/268
 
预约/预借
| 序号 | 登录号 | 条形码 | 馆藏地/架位号 | 状态 | 备注 |
| 1 | 1119204 | 211192047 | 第二样本阅览室/ [索取号:TN94/268] | 在馆 | |
| 2 | 1119205 | 211192056 | 密集书库-物理学院/ [索取号:TN94/268] | 在馆 | |
| 3 | 1119206 | 211192065 | 第三借阅区/ [索取号:TN94/268] | 在馆 | |
| 4 | 1119207 | 211192074 | 第三借阅区/ [索取号:TN94/268] | 在馆 | |
| 5 | 1119208 | 211192083 | 第三借阅区/ [索取号:TN94/268] | 在馆 |